Disceptacion sobre justicia distributiva y sobre la aceptacion de personas a ella opuesta = De ivstitia distribvtiva et acceptatione personarum ei opposita sisceptatio : en que cosas tiene lugar la aceptacion de personas y la injusta distribucion de los bienes / (Record no. 116262)

MARC details
000 -LEADER
fixed length control field 01058cam a2200277 4500
008 - FIXED-LENGTH DATA ELEMENTS--GENERAL INFORMATION
fixed length control field 1995 spa
020 ## - INTERNATIONAL STANDARD BOOK NUMBER
International Standard Book Number 968-36-4688-3
050 #4 - LIBRARY OF CONGRESS CALL NUMBER
Classification number JC575
Item number Z36 1995
100 1# - MAIN ENTRY--PERSONAL NAME
Personal name Zapata y Sandoval, Juan
245 #0 - TITLE STATEMENT
Title Disceptacion sobre justicia distributiva y sobre la aceptacion de personas a ella opuesta = De ivstitia distribvtiva et acceptatione personarum ei opposita sisceptatio : en que cosas tiene lugar la aceptacion de personas y la injusta distribucion de los bienes /
Statement of responsibility, etc Juan Zapata y Sandoval ; introd.-
260 #F - PUBLICATION, DISTRIBUTION, ETC. (IMPRINT)
Date of publication, distribution, etc 1995
300 ## - PHYSICAL DESCRIPTION
Extent xxxv, 91 p. ;
Dimensions 23 cm.
440 #0 - SERIES STATEMENT/ADDED ENTRY--TITLE
Title Biblioteca Philosophica Latina Mexicana
500 ## - GENERAL NOTE
General note Texto en Español con traduccion paralela en Latin
500 ## - GENERAL NOTE
General note 1 ejem.
505 ## - FORMATTED CONTENTS NOTE
Formatted contents note BFIL
650 #4 - SUBJECT ADDED ENTRY--TOPICAL TERM
Topical term or geographic name as entry element Igualdad
650 #4 - SUBJECT ADDED ENTRY--TOPICAL TERM
Topical term or geographic name as entry element Justicia Distributiva
650 #4 - SUBJECT ADDED ENTRY--TOPICAL TERM
Topical term or geographic name as entry element Pluralismo (ciencias sociales)
650 #4 - SUBJECT ADDED ENTRY--TOPICAL TERM
Topical term or geographic name as entry element Derecho Canonico
700 1# - ADDED ENTRY--PERSONAL NAME
Personal name Beuchot Puente, Mauricio,
Relator term tr.
700 1# - ADDED ENTRY--PERSONAL NAME
Personal name Lopez Cruz, Paula,
Relator term ed.
942 ## - ADDED ENTRY ELEMENTS (KOHA)
Source of classification or shelving scheme Biblioteca del Cogreso de los Estados Unidos
Koha item type Libro
Holdings
Estado de pérdida Fuente de clasificación Estado del daño No para préstamo Ubicación permanente Ubicación actual Apartado o colección Fecha de adquisición Edición Área del conocimiento Clasificación Código de Barras Date last seen Número de copia Tipo de recurso
  Biblioteca del Cogreso de los Estados Unidos     Biblioteca de la Facultad de Filosofía Biblioteca de la Facultad de Filosofía General 09/05/2016 1a. ed. Educación y Humanidades JC575 Z36 1995 BFF000016507 09/05/2016 C:1 Libro